000
00318nam a22001337a 4500
008
171031b xxu||||| |||| 00| 0 eng d
020
_a
9780471771166
041
_a
eng
080
_2
9TH
_a
33
100
_a
59
101
_a
BUS
245
_a
BUSINESS DATA COMMUNICATION AND NETWORKING
_c
FITZGERALD,J
942
_2
udc
_c
BK
999
_c
36818
_d
36818